000 00448nam a2200181 a 4500
001 1758099019362
003 ACL
005 20250917142338.0
008 250917s2010##################000#0#eng##
020 _a9780786447244
082 0 4 _a791.4575
_bWIL
100 1 _aKapell, Matthew Wilhelm,
_eauthor.
245 1 0 _aStar Trek as Myth :
260 _bMcFarland,
_c2010.
650 0 _aPerforming Arts.
942 _cENGLISH
040 _aACL
_beng
_cACL
999 _c587689
_d587689